Backward Africa Match-Up Quiz Stats

 Plays Quiz Updated Jul 27, 2018

Challenge
Share
Tweet
Score 0/41 Timer 05:00
12 Plays Today
% Correct
EUQIB
90.6%
RACSA
90.4%
SELLE
88.5%
OCCO
88.1%
EWBA
87.3%
ANAW
86.7%
AI
86.4%
AIB
85.9%
TP
85.8%
INIT
85.8%
AINA
85.3%
LAG
85.3%
NOOR
85.1%
ANA
85.1%
AILA
84.6%
ITUO
84.3%
OG
84.3%
ADNA
83.4%
ALO
83.4%
AYN
83%
DA
82.9%
% Correct
AIR
82.7%
AIPO
82.4%
ADN
82.3%
AISI
82%
AIRE
81.3%
OHTO
80.2%
AIBI
79.6%
REG
78.7%
IDN
78.6%
AYB
78.4%
NAD
78%
AERT
77.4%
SORO
74.8%
IWA
74.7%
NI
74.3%
AINATI
73.1%
SUIT
72.5%
AEN
72.4%
IL
72.3%
NOB
70.1%

You're not logged in!

Compare scores with friends on all Sporcle quizzes.
OR
Log In

You Might Also Like...

Show Comments

Extras

Top Quizzes Today


Score Distribution

Your Account Isn't Verified!

In order to create a playlist on Sporcle, you need to verify the email address you used during registration. Go to your Sporcle Settings to finish the process.

Report this User

Report this user for behavior that violates our Community Guidelines.

Details: